BIBLIOTECA

SENCICO

Perspectivas en el siglo 21 : (Registro nro. 321)

Detalles MARC
000 -LEADER
fixed length control field 00963nam a2200229Ia 4500
003 - CONTROL NUMBER IDENTIFIER
control field PE SENCICO BE
005 - DATE AND TIME OF LATEST TRANSACTION
control field 20251020182434.0
008 - FIXED-LENGTH DATA ELEMENTS--GENERAL INFORMATION
fixed length control field 200515s9999 xx 000 0 und d
040 ## - CATALOGING SOURCE
Original cataloging agency PE SENCICO BE
Transcribing agency PE SENCICO BE
041 ## - LANGUAGE CODE
Language code of text/sound track or separate title spa
082 ## - DEWEY DECIMAL CLASSIFICATION NUMBER
Classification number 371.33
Item number D57
100 1# - MAIN ENTRY--PERSONAL NAME
Personal name Del Río, C., Carlos
9 (RLIN) 2678
Relator term autor
245 10 - TITLE STATEMENT
Title Perspectivas en el siglo 21 :
Remainder of title ciencia y tecnología, educación, desarrollo /
Statement of responsibility, etc. Carlos del Río C.
250 ## - EDITION STATEMENT
Edition statement 1a ed.
260 ## - PUBLICATION, DISTRIBUTION, ETC.
Place of publication, distribution, etc. sin lugar :
Name of publisher, distributor, etc. CDRC ;
Date of publication, distribution, etc. 1997
300 ## - PHYSICAL DESCRIPTION
Extent 105 p. :
Other physical details il., tbl., graf. ;
Dimensions 21 cm.
505 0# - FORMATTED CONTENTS NOTE
Formatted contents note Visualización introductoria del rol de la educación en el desarrollo integral -- Desarrollo científico - tecnológico y sus perspectivas en el siglo 21 -- El impacto del desarrollo científico - tecnológico -- La educación en el siglo 21.
650 10 - SUBJECT ADDED ENTRY--TOPICAL TERM
Topical term or geographic name entry element Educación
9 (RLIN) 2279
650 20 - SUBJECT ADDED ENTRY--TOPICAL TERM
Topical term or geographic name entry element Tecnología educativa
9 (RLIN) 1741
650 20 - SUBJECT ADDED ENTRY--TOPICAL TERM
Topical term or geographic name entry element Desarrollo científico y tecnológico
9 (RLIN) 2176
942 ## - ADDED ENTRY ELEMENTS (KOHA)
Koha item type Libros
Source of classification or shelving scheme Dewey Decimal Classification
Existencias
Fecha de la última vez que lo usaron Número de ingreso o de inventario Pago total Signatura topográfica completa Código de barras Precio efectivo desde Tipo de documento Estado perdido Sistema de clasificación Estado dañado No es para préstamo Retirado Ubicación permanente Ubicación actual Fecha de adquisición
15/05/2020 8901   371.33/D57 BibLima24110018 15/05/2020 Libros   Dewey Decimal Classification       Biblioteca Central Lima Biblioteca Central Lima 15/05/2020